DRUG STORE AND BUSINESS MANAGEMENT (Record no. 8071)

MARC details
000 -LEADER
fixed length control field 00484nam a22001817a 4500
005 - DATE AND TIME OF LATEST TRANSACTION
control field 20240106100831.0
008 - FIXED-LENGTH DATA ELEMENTS--GENERAL INFORMATION
fixed length control field 221216b |||||||| |||| 00| 0 eng d
020 ## - INTERNATIONAL STANDARD BOOK NUMBER
ISBN 812390417-7
041 ## - LANGUAGE CODE
Language code of text/sound track or separate title eng
082 ## - DEWEY DECIMAL CLASSIFICATION NUMBER
Classification number 615.4 ALI-D
100 ## - MAIN ENTRY--AUTHOR NAME
Personal name ALI ,MOHAMMED ., GUPTA JYOTI
245 ## - TITLE STATEMENT
Title DRUG STORE AND BUSINESS MANAGEMENT
250 ## - EDITION STATEMENT
Edition statement 1st ed.
260 ## - PUBLICATION, DISTRIBUTION, ETC. (IMPRINT)
Place of publication NEW DELHI
Name of publisher CBS PUBLISHERS & DISTRIBUTERS
Year of publication 2022
300 ## - PHYSICAL DESCRIPTION
Number of Pages 344;P.
650 ## - SUBJECT ADDED ENTRY--TOPICAL TERM
Topical Term PHARMACY
General subdivision D.PHARMA
942 ## - ADDED ENTRY ELEMENTS (KOHA)
Koha item type Books
Holdings
Lost status Damaged status Collection code Home library Current library Shelving location Date acquired Source of acquisition Cost, normal purchase price Full call number Accession Number Koha item type
    PHARMACY JRU Library JRU Library SHELF-19-C 19/10/2022 LOHIA BOOK INTERNATIONAL 400.00 615.4-ALI-D 26949 Books
    PHARMACY JRU Library JRU Library SHELF-19-C 19/10/2022 LOHIA BOOK INTERNATIONAL 400.00 615.4-ALI-D 26950 Books
    PHARMACY JRU Library JRU Library SHELF-19-C 19/10/2022 LOHIA BOOK INTERNATIONAL 400.00 615.4-ALI-D 26951 Books
    PHARMACY JRU Library JRU Library SHELF-19-C 19/10/2022 LOHIA BOOK INTERNATIONAL 400.00 615.4-ALI-D 26952 Books
    PHARMACY JRU Library JRU Library SHELF-19-C 19/10/2022 LOHIA BOOK INTERNATIONAL 400.00 615.4-ALI-D 26953 Books